|
|
|
|
| LEADER |
00000nam a2200000 i 4500 |
| 001 |
1/75368 |
| 008 |
960517s1987 gre d |
| 035 |
|
|
|a 1989
|b 2
|c Δωρεά
|l 10032106
|
| 040 |
|
|
|a GR-MY-UA
|b gre
|e aacr
|
| 041 |
0 |
|
|a gre
|
| 082 |
0 |
|
|a 338.107
|
| 100 |
1 |
|
|a Αλεξόπουλος, Γεώργιος.
|
| 245 |
1 |
0 |
|a Αγροτική εκτιμητική :
|b Γ τάξη τεχνικού επαγγελματικού λυκείου τομέας γεωργοκτηνοτροφικός /
|c Γεωργίου Αλεξόπουλου, Παναγιώτη Πάτση
|
| 260 |
|
|
|a Αθήνα :
|b Ο.Ε.Δ.Β.,
|c 1987
|
| 300 |
|
|
|a 174 σ.
|
| 650 |
0 |
0 |
|a Agriculture
|x Economic aspects
|x Study and teaching (Secondary)
|z Greece.
|
| 700 |
1 |
|
|a Πάτσης, Παναγιώτης.
|
| 852 |
|
|
|a INST
|b RHODES
|e 19960517
|h 338.107 ΑΛΕ
|p 005400002072
|q 005400002072
|t BK
|y 0
|
| 852 |
|
|
|a INST
|b RHODES
|e 19960517
|h 338.107 ΑΛΕ
|p 005400002073
|q 005400002073
|t BK
|y 620
|
| 852 |
|
|
|a INST
|b RHODES
|e 19960517
|h 338.107 ΑΛΕ
|p 005400002074
|q 005400002074
|t BK
|y 620
|
| 909 |
|
|
|a Ρ
|b 014354
|c 1989
|
| 909 |
|
|
|a Ρ
|b 014353
|c 1989
|
| 909 |
|
|
|a Ρ
|b 014352
|c 1989
|